00881nam a22002177a 450000500170000001000150001702000260003203500140005803700090007208200110008110000230009224500600011525000060017526000570018127000890023830000260032750001120035394200250046599900190049095201540050920241129111644.0 aENG-142719 c655.00a9789357056359 aEN-126251 bDBAD a50021 aSharma, Om 974325 aJEE Advanced Mathematics:bTrigonometry/cBy Om Sharma  a1 aUttar PradeshbPearson India Education Pvt Ltdc2025 bUttar Pradesha1st FLoor, Berger Tower, Plot No. C-001A/2, Sector-16B, Noidae201301 avpp.c28cm(pb)bIndex aIncludes 2000+ Problems with Solutions | Includes JEE 2013-2024 Questions and Chapter Wise Video strategics 2ddccENh500mSHAe1 c207195d207195 001040708NFICaZLSbZLSd2024-11-29eDelivery of Books Act Divisiong655.00l0o500 SHApEN-126251r2024-11-29 00:00:00t1v655.00w2024-11-29yEN